00870nam a2200217 a 4500001001000000003000500010005001700015008004100032010001100073011001100084040000900095100003300104245020000137260004100337500006000378502007700438650001800515650001500533650003400548856007000582000108563CHAP20220329144017.0140224s2012 mx a |sm |||||||spa|d a105025 a105997 cCHAP1 aHernández Ortega, Adrián10aEvaluación de la calidad de plántulas de jitomate (Lycopersicon esculentum mill.) En base al tamaño de contenedor y a la cantidad de sustratoh[En línea]cpor Adrián Hernández Ortega. aChapingo, Méx. :bEl autor,c2012. aPara ver el contenido del material haga clic en la liga aTesis (Ing. Agr. Esp. en Fitotecnia) -- UACH. Departamento de Fitotecnia14aContenedores.14aSustratos.14aTomatexPlántulasxCalidad. aFinding aiduhttp://10.13.5.2/tesis/sist108563.pdfzTeclea aquí